000 00803nam a22002657a 4500
001 BR7304279
003 BR-BrBNA
005 20240201112144.0
007 ta
008 230509b bl.||||| |||| 00| 0 por d
040 _aBR-BrBNA
_bpor
_cBiblioteca Nacional de Agricultura
041 _a(Por)
072 _aA50
090 _aA50
_bBR7304279
110 1 _aEmpresa Brasileira de Pesquisa Agropecuaria, Brasilia, DF (Brasil)
245 1 _aEspirito Santo, implantacao do sistema estadual de pesquisa agropecuaria [Brasil]
_bDocumento orientador
260 3 _aBrasilia, DF (Brasil):
_c1974.
300 _a17 p.
650 _aPROGRAMA DE PESQUISA
650 _aDESENVOLVIMENTO AGRICOLA
650 _aPESQUISA AGRICOLA
650 _aPROJETO AGRICOLA
650 _aESPIRITO SANTO
942 _cBK
_2AGRIS
999 _c16351
_d16351